FORM-DRIVEN APPLICATION DEVELOPMENT

Bibliographic Details
Main Authors: Lukovic, Ivan (Author), Banovic, Jelena (Author), Aleksic, Slavica (Author), Ristic, Sonja (Author)
Format: Article
Language:English

MARC

LEADER 00000nab a2200000uu 4500
001 vtls011135742
003 SK-MaSNL
005 20260303151022.0
008 230222|2012 xo |||||||||||||||||eng|
015 |a SNBRB 
035 |a (urnnbn)urn:nbn:sk:snk:ar-007ghd 
035 |a (uuid)b3649d4e-1c44-4571-bf66-b8b4cbca28f2 
035 |a urn:nbn:sk:snk-abaoqq 
040 |a SNKBUCL  |b slo  |c SNKBUCL  |e AACR2 
041 0 |a eng 
044 |a xo  |c SK 
100 1 |a Lukovic, Ivan  |4 aut  |9 1170175 
245 1 0 |a FORM-DRIVEN APPLICATION DEVELOPMENT  |c Ivan Lukovic, Jelena Banovic, Slavica Aleksic, Sonja Ristic 
700 1 |a Banovic, Jelena  |4 aut  |9 1170176 
700 1 |a Aleksic, Slavica  |4 aut  |9 1170177 
700 1 |a Ristic, Sonja  |4 aut  |9 1170178 
773 0 |t Acta electrotechnica et informatica  |g Roč. 12, č. 1 (2012), s. 9-16 
958 |a OND 
958 |a EUIPO 
958 |a article14 
999 |c 2015239  |d 2017169